| 000 | 00349nam a22001337a 4500 | ||
|---|---|---|---|
| 005 | 20181102153955.0 | ||
| 008 | 181102b xxu||||| |||| 00| 0 eng d | ||
| 041 | _aeng | ||
| 100 |
_aMuthuswamy,brinda,sanjeev _94889 |
||
| 245 | _aSwamy's Comilation on Right To Information | ||
| 260 |
_aChennai _bSwamy Publisher _c2018 |
||
| 300 | _ap136 | ||
| 942 | _cBK | ||
| 999 |
_c5753 _d5751 |
||